| 000 | 00445 a2200145 4500 | ||
|---|---|---|---|
| 005 | 20250524115527.0 | ||
| 020 | _a0 566 00613 8 | ||
| 082 | _aLECT 378.17 HOW | ||
| 100 | _aHOWARD, K. | ||
| 245 | _aThe Management of a Student Research Project | ||
| 260 |
_aSouthampton, _bGower Publishing Company Limited, _c1983. |
||
| 300 |
_axiii, 238p.: ill.; chart, figure, table. _bBibliography & Index. _c22cm. |
||
| 700 | _aSHARP, J. A. | ||
| 942 |
_2ddc _cBKS |
||
| 999 |
_c2633 _d2633 |
||